000
00288 a2200121 4500
000
nam a22 7a 4500
005
20260206125359.0
020
_a
9789348670625
100
_a
Kanwal Bharti
_9
1114227
245
_a
Hindi kavita ki nayi dhara
260
_b
Swaraj
_c
2025
942
_c
TEXL
999
_c
1678805
_d
1678805